000 00446nam a22001817a 4500
003 MPLRDC
005 20220104143918.0
008 210129b ||||| |||| 00| 0 eng d
020 _a0-19-582808-9
082 _a859.6 SL v.3 c.2
100 _a胜利书局图书编辑小组译
245 _a一只怪手
_c
250 _a初版
260 _a
_b胜利书局
_c1981
300 _b
650 _a儿童故事
942 _cBK
_o859.6 SL v.3 c.2
999 _c44562
_d44552